000
00312nam a22001337a 4500
003
OSt
008
240805b |||||||| |||| 00| 0 eng d
082
_a
632.9
_b
A17E
100
_a
Abrol, D.P.
245
_a
Golosically Based Integrated Pest Management
260
_a
NIPA
_c
2012
300
_a
492
942
_2
ddc
_c
BK
999
_c
43573
_d
43573